2331-富士市(静岡県)の駅 - Statistics

General Stats
  • This quiz has been taken 20 times
    5 since last reset
  • The average score is 14 of 18
Answer Stats
Answer % Correct
富士
100%
新富士
100%
東田子の浦
80%
吉原
80%
富士川
80%
柚木
80%
竪堀
80%
入山瀬
80%
吉原本町
80%
本吉原
80%
岳南原田
80%
比奈
80%
岳南富士岡
80%
須津
80%
神谷
80%
岳南江尾
80%
富士根
60%
ジヤトコ前
60%
No matching quizzes found
Score Distribution
Percent of People with Each Score
Percentile by Number Answered
Your Score History
You have not taken this quiz since the last reset